Datum a čas kvízu

27.5 Celkem bodů Celkový počet nahraných bodů na tomto kvízu bez doplňovacích otázek.
8. Pořadí na kvízu Konečné umístění týmu na tomto kvízu.

Zaznamenané odpovědi

# Otázka Odpověď Body Výsledky
1. Který sběratelský předmět byl... poštovní známka 0
2. V úterý se v jisté evropské mo... Španělsko, princezna Leonor 0
3. Jedna kapela ve čtvrtek vydala... The Beatles 1
4. Minulý týden otevřel jistý ame... Popeye's 1
5. Pokolikáté získal šestatřiceti... poosmé 1
-14. O které významné ženě 18. stol... o Marii Antoinettě 1
-13. Ze dřeva kterého stromu bývají... z dubového dřeva 1
-14. Jak se v antické mytologii jme... Dionýsos 0
-11. Seřaďte státy níže podle množs... 1B 2A 3C 4D 1
-10. Brandy je pálenka vyrobená z h... Cognac 1